| 000 | 00525nam a22001577a 4500 | ||
|---|---|---|---|
| 999 |
_c11704 _d11704 |
||
| 008 | 181220b ||||| |||| 00| 0 eng d | ||
| 020 | _a971-542-288-8 | ||
| 082 |
_22001 _aDFil 899.211 _bP53 |
||
| 245 |
_aAuac and Lamiran (Pampango)/ _cDamiana L. Eugenio [Compiler and Editor] |
||
| 260 |
_aQuezon City: _bUP Press, _cc2001. |
||
| 300 |
_apage 72. _c23 cm. |
||
| 521 | _aPhilippine folk literature: The folktales | ||
| 650 |
_aPhilippine folk literature--Collection _933445 |
||
| 650 |
_aFolklore _933446 |
||
| 942 |
_2ddc _cDFIL |
||